| 000 | 00999nam a2200313 i 4500 | ||
|---|---|---|---|
| 003 | OSt | ||
| 005 | 20260414160130.0 | ||
| 008 | 260414s1932 fr ||||fr|||| 00| 0 fre d | ||
| 040 |
_aEG-GICUC _cEG-GICUC _dEG-GICUC _erda _bfre |
||
| 041 | 0 | _afre | |
| 082 | 0 | 4 |
_a343 _221 _bCA . C |
| 092 | 0 | 4 | _221 |
| 099 | _aLaw1 10 343 CA . C 1932 | ||
| 100 | 0 |
_aDe Casabianca، Pierre _eAuteur |
|
| 245 | 1 | 0 |
_aCode Penal Du Royaume Ditalie / _cPierre De Caasabianc. |
| 264 | 1 |
_aParis : _bParisrimerie، _c1932. |
|
| 300 |
_a457 pages: _billustrations, _c24cm. |
||
| 336 |
_atexte _2rda contenu |
||
| 337 |
_aOrdinateur _2rda medias |
||
| 338 |
_aRessource en ligne _2transporteur rda |
||
| 500 | _aTraduit, Annnote Et Precede Dune | ||
| 546 | _aTexte en français | ||
| 650 | 1 | 4 |
_aDroit pénal _2qrmak |
| 651 | 1 | _2qrmak | |
| 655 | 4 |
_aThèse universitaire _zUniversité _xFaculté de droit |
|
| 856 | _uhttps://fll.law.cu.edu.eg/fulltext/th/B10-09937.pdf | ||
| 905 |
_a163 _eYara |
||
| 942 |
_2ddc _cTH _e21 _n0 |
||
| 999 |
_c70954 _d70954 |
||